000
00204 a2200097 4500
001
49411
100
_a
Glaudius
245
_a
I, Claudius
260
_a
London
_b
Methuen & Company
_c
090
_c
31949
_d
31949
942
_a
NUST-CAE
_c
_c
24390
999
_c
284484
_d
284484